| 000 | 00851nam a2200217Ii 4500 | ||
|---|---|---|---|
| 003 | JO-AjNU | ||
| 008 | 230605s9999||||xx |||||||||||||| ||und|| | ||
| 017 | _a1984/9/382 | ||
| 040 |
_aJO-AjNU _bara _erda _cJO-AjNU |
||
| 041 | _aara | ||
| 050 | 1 | 4 | _aPJ6199.G4882 1984 |
| 100 | 3 |
_aالزاهد، أبي عمر محمد بن عبدالله عبد الواحد برواية إبن خالوية؛ تحقيق وتعليق يحيى عبد الرؤوف جبر, _eauthor _917063 |
|
| 245 | 0 | 0 | _aالعشرات في غريب اللغة |
| 264 | 3 | 1 | _aعمان: (د.ن)، 1984 |
| 300 | _a174ص | ||
| 336 |
_atext _btxt _2rdacontent |
||
| 337 |
_aunmediated _bn _2rdamedia |
||
| 338 |
_avolume _bnc _2rdacarrier |
||
| 490 | 0 | _aسلسلة أسفار العربية؛ 1 | |
| 650 | 4 |
_aاللغة العربية - الألفاظ - معاني واستعمال _917064 |
|
| 999 |
_aA5192 _c8760 _d8760 |
||